| 000 | 00807cam a22002535i 4500 | ||
|---|---|---|---|
| 999 |
_c3764 _d3764 |
||
| 003 | EG-ScBUE | ||
| 005 | 20210203111836.0 | ||
| 008 | 081009q1988 ua g 000 0f ara d | ||
| 017 | _a88 / 4426 | ||
| 020 | _a97704233 | ||
| 040 |
_aEG-ScBUE _bara _erda _cEG-ScBUE _dEG-ScBUE |
||
| 082 | 0 | 4 |
_a892.736 _bس ب ا _222 |
| 100 | 1 |
_aسباعي، يوسف، _d1917-1978، _eمؤلف. |
|
| 245 | 1 | 0 |
_aأرض النفاق / _cيوسف السباعي. |
| 264 | 1 |
_aالقاهرة : _bمكتبة مصر، _c[1988] |
|
| 300 |
_a286 صفحة ؛ _c20 سم |
||
| 336 |
_aنص _btxt _2rdacontent |
||
| 337 |
_aبدون وسيط _bn _2rdamedia |
||
| 338 |
_aمجلد _bnc _2rdacarrier |
||
| 650 | 7 |
_aالقصص العربية _yقرن 20. _2BUEsh |
|
| 651 | _2BUEsh | ||
| 653 |
_bARALIT _bGGEN _cFebruary2021 |
||
| 942 |
_cBB _2ddc |
||